000
00275nam a2200121Ia 4500
100
_a
Churchill/ S/C.
942
_c
BK
654
_a
Soldering.
245
_a
Soldering part one
260
_b
MAchinerys Standard Reference Series
_c
2001
082
_a
671.56
546
_a
ENGLISH
999
_c
19026
_d
19026